The economic state of New England ; report /

Bibliographic Details
Corporate Author: National Planning Association. Committee of New England
Format: Book
Language:English
Published: New Haven : Yale University Press, 1954.
Subjects:

MARC

Tag First Indicator Second Indicator Subfields
LEADER 00000cam a2200000 4500
001 in00000063337
005 20151008051738.0
008 721003s1954 ctu b 00000 eng u
010 |a  53007768  
035 |a (OCoLC)00420911 
035 |9 AAG9740AM 
040 |c OUN  |d TXA  |d UtOrBLW 
049 |a TXAM  |c 1 [246960] 
050 0 |a HC107.A11  |b N25 
082 0 |a 330.974 
092 |a 330.974  |b N277e 
110 2 |a National Planning Association.  |b Committee of New England. 
245 1 4 |a The economic state of New England ;  |b report /  |c Directors of research and editors: Arthur A. Bright, Jr. [and] George H. Ellis. Staff economists: William H. Miernyk, Ray S. Kelley, Jr. [and] Edward K. Smith. Contributing economists: John H. Bragg [and] Robert A. Nelson. 
264 1 |a New Haven :  |b Yale University Press,  |c 1954. 
300 |a xii, 738 pages :  |b maps, diagrams, tables. ;  |c 25 cm. 
336 |a text  |b txt  |2 rdacontent 
337 |a unmediated  |b n  |2 rdamedia 
338 |a volume  |b nc  |2 rdacarrier 
504 |a Includes bibliographies. 
651 0 |a New England  |x Economic conditions. 
999 |a MARS 
999 f f |s 3073f594-cb56-30b0-be91-70d939d325a3  |i f122ea97-6591-3fb0-a0ae-ad2b5d9a7fe6  |t 0 
952 f f |p ric  |a Texas A&M University  |b Rellis Campus  |c Joint Library Facility  |d Remote Storage  |t 0  |e HC107.A11 N25  |h Library of Congress classification  |i unmediated -- volume  |m A14800709237 
998 f f |a HC107.A11 N25  |t 0  |l Remote Storage